| 000 | 00500nam a2200181Ia 4500 | ||
|---|---|---|---|
| 003 | GCL | ||
| 008 | 140319s9999 xx 000 0 ara d | ||
| 040 |
_aGCL / _cGCL |
||
| 082 | 0 | 4 |
_a953.0254 _bن و |
| 100 | 1 | _aنصر مزاحم المنقرى | |
| 245 | 1 | 0 |
_aوقعة صفين / _cنصر مزاحم المنقرى |
| 260 |
_a[S.N] : _bدار الجيل ، _c1990 |
||
| 300 | _a640 ص | ||
| 490 | _a | ||
| 650 | 0 | 4 | _aالسيرة النبوية |
| 650 | 0 | 4 | _aغزوة صفين |
| 942 |
_2ddc _cBK |
||
| 999 |
_c52633 _d52633 |
||